| 000 | 00386nam a2200133 a 4500 | ||
|---|---|---|---|
| 001 | 000039409 | ||
| 005 | 20201002031633.0 | ||
| 008 | 130626s2001 dr c 000 0 spa d | ||
| 040 |
_aDO-SdBNP _bspa _cBNPHU |
||
| 082 |
_axxxx _bxxxx |
||
| 245 | 0 | 0 |
_aInforme Anual 2001. : _bFundación Falconbridge. |
| 260 |
_a[Santo Domingo] : _bFalconbridge, _c[2001]. |
||
| 300 |
_a40 p. : _bretr. ; _c28 cm. |
||
| 999 |
_c38899 _d38899 |
||